000 00977cam a22003137a 4500
003 CHAP
005 20220329135438.0
008 971013s r 00010 d
010 _a36623
011 _a37595
035 _a41715
040 _cCHAP
090 _aFolleto 1909
110 _aMéxico. Dirección General de Avicultura y Otras Especies Menores
_976961
245 1 3 _aLa práctica de eliminación de malas ponedoras
260 _aMéxico, D.F. :
_bLa Dirección,
_c(s.a.)
300 _a13 h.
_b; lám
490 0 _aDD-19
590 _aBATCH-UPD
_b10
_c20130110
_lUCH01
_h1558
590 _aBATCH-UPD
_b10
_c20130410
_lUCH01
_h0955
590 _aBATCH-UPD
_b10
_c20130914
_lUCH01
_h0444
590 _aCONVERSION
_b10
_c20130109
_lUCH01
_h1320
650 1 4 _aAves de corral
_xProducción.
_98677
650 1 4 _aAves de corral
_xSelección.
_98681
830 0 _aDD-19
_931370
901 _aBK
942 _cFOLL
949 _aFolleto 1909
_bBC
_cFOLL
_d-95899
_eTS1
_i41715
_si
999 _c36623
_d36623